000 00456nam a2200181Ia 4500
001 8365
005 20260306160604.0
008 260306t2016||||xx |||||||||||||| ||spa||
041 _aESP
082 _a370.7
_bG74
100 _aGordillo, Enrique G.
_eAUT
245 0 _aConductas disruptivas y autoestima en escuelas mixtas y diferenciadas de Arequipa
260 _c2016
300 _a
_c
650 _aGEN
654 _aCED
942 _cLIB
_dJUS
_fJUS
_2ddc
_n
999 _c8365
_d8365